MARC details
| 000 -CABECERA |
| campo de control de longitud fija |
00903cam a2200229 a 4500 |
| 001 - NÚMERO DE CONTROL |
| campo de control |
000018682 |
| 005 - FECHA Y HORA DE LA ÚLTIMA TRANSACCIÓN |
| campo de control |
20200929165835.0 |
| 008 - DATOS DE LONGITUD FIJA--INFORMACIÓN GENERAL |
| campo de control de longitud fija |
810311s1962 ve a 000 p spa d |
| 035 ## - NÚMERO DE CONTROL DEL SISTEMA |
| Número de control de sistema |
(DLC) 63046785 |
| 040 ## - FUENTE DE LA CATALOGACIÓN |
| Centro catalogador/agencia de origen |
DO-SdBNP |
| Centro/agencia transcriptor |
CarP |
| Centro/agencia modificador |
DLC |
| -- |
BNPHU |
| 082 ## - NÚMERO DE LA CLASIFICACIÓN DECIMAL DEWEY |
| Número de clasificación |
V860.9 |
| Número de documento/Ítem |
D542a |
| 049 ## - FONDOS LOCALES (OCLC) |
| Fondos de biblioteca |
BNGR |
| 100 1# - ENTRADA PRINCIPAL--NOMBRE DE PERSONA |
| Nombre de persona |
Díaz Seijas, Pedro, |
| Fechas asociadas al nombre |
1921- |
| 9 (RLIN) |
40343 |
| 245 10 - MENCIÓN DE TÍTULO |
| Título |
Apuntes y aproximaciones : |
| Resto del título |
notas y comentarios / |
| Mención de responsabilidad, etc. |
Pedro Díaz Seijas. |
| 260 ## - PUBLICACIÓN, DISTRIBUCIÓN, ETC. |
| Lugar de publicación, distribución, etc. |
Caracas : |
| Nombre del editor, distribuidor, etc. |
Asociación de Escritores Venezolanos, |
| Fecha de publicación, distribución, etc. |
1962. |
| 300 ## - DESCRIPCIÓN FÍSICA |
| Extensión |
65 p. : |
| Otras características físicas |
il., retrs. ; |
| Dimensiones |
16 cm. |
| 490 1# - MENCIÓN DE SERIE |
| Mención de serie |
Cuadernos literarios de la Asociación de Escritores Venezolanos |
| Designación de volumen o secuencia |
115 |
| 650 #4 - PUNTO DE ACCESO ADICIONAL DE MATERIA--TÉRMINO DE MATERIA |
| Término de materia o nombre geográfico como elemento de entrada |
Literatura venezolana |
| Subdivisión general |
Historia y crítica. |
| 9 (RLIN) |
8073 |
| 650 #4 - PUNTO DE ACCESO ADICIONAL DE MATERIA--TÉRMINO DE MATERIA |
| Término de materia o nombre geográfico como elemento de entrada |
Literatura hispanoamericana |
| Subdivisión general |
Historia y crítica |
| 9 (RLIN) |
6273 |
| 830 #0 - PUNTO DE ACCESO ADICIONAL DE SERIE-TÍTULO UNIFORME |
| Título uniforme |
Cuadernos literarios de la Asociación de Escritores Venezolanos ; |
| Designación de volumen o secuencia |
115 |
| 9 (RLIN) |
6734 |
| 910 ## - DATOS DE OPCIÓN DEL USUARIO (OCLC) |
| Datos de opción del usuario |
Catalogación derivada / LC |